| 000 | 00605nam a2200193Ia 4500 | ||
|---|---|---|---|
| 008 | 140626s9999 xx 000 0 und d | ||
| 100 | _aJackson, T. | ||
| 245 |
_aRisk factors for disordered eating during early and middle adolescence : _bprospective evidence from mainland chinese boys and girls / _cT. Jackson ... [et al.]. |
||
| 260 | _cc2011. | ||
| 300 | _a120 : 2, page 454 | ||
| 440 | _aJournal of Abnormal Psychology | ||
| 521 | _aPSYCH | ||
| 650 | _aAdolescents. | ||
| 650 | _aChina. | ||
| 650 | _aEating disorder. | ||
| 650 | _aRisk factors. | ||
| 650 | _aSociocultural. | ||
| 942 | _cSE | ||
| 999 |
_c121296 _d121296 |
||